| 000 -LEADER |
| fixed length control field |
00909cam a2200253 i 4500 |
| 001 - CONTROL NUMBER |
| control field |
18454 |
| 003 - CONTROL NUMBER IDENTIFIER |
| control field |
BD-DhUAP |
| 005 - DATE AND TIME OF LATEST TRANSACTION |
| control field |
20200217161307.0 |
| 008 - FIXED-LENGTH DATA ELEMENTS--GENERAL INFORMATION |
| fixed length control field |
200217r20132012bg b 000 0 eng |
| 020 ## - INTERNATIONAL STANDARD BOOK NUMBER |
| International Standard Book Number |
9789848990742 |
| 025 ## - OVERSEAS ACQUISITION NUMBER |
| Overseas acquisition number |
B-E-2014-360358; 22-91 |
| 040 ## - CATALOGING SOURCE |
| Original cataloging agency |
DLC |
| Language of cataloging |
eng |
| Description conventions |
rda |
| Transcribing agency |
DLC |
| Modifying agency |
BD-DhUAP |
| 082 ## - DEWEY DECIMAL CLASSIFICATION NUMBER |
| Edition number |
23 |
| Classification number |
378.122095492 ISL |
| 100 1# - MAIN ENTRY--PERSONAL NAME |
| Personal name |
Islam, Fakhrul. |
| 245 10 - TITLE STATEMENT |
| Title |
Higher education in Bangladesh : |
| Remainder of title |
prospects and challenges / |
| Statement of responsibility, etc. |
Fakhrul Islam. |
| 264 #1 - PRODUCTION, PUBLICATION, DISTRIBUTION, MANUFACTURE, AND COPYRIGHT NOTICE |
| Place of production, publication, distribution, manufacture |
Dhaka : |
| Name of producer, publisher, distributor, manufacturer |
Anarjo, |
| Date of production, publication, distribution, manufacture, or copyright notice |
c2012 [Reprinted 2013]. |
| 300 ## - PHYSICAL DESCRIPTION |
| Extent |
238 pages ; |
| Dimensions |
22 cm |
| 504 ## - BIBLIOGRAPHY, ETC. NOTE |
| Bibliography, etc. note |
Includes bibliographical references. |
| 520 ## - SUMMARY, ETC. |
| Summary, etc. |
On the background, history, compositions and functions of public and private universities in Bangladesh. |
| 650 #0 - SUBJECT ADDED ENTRY--TOPICAL TERM |
| Topical term or geographic name entry element |
Education, Higher |
| Geographic subdivision |
Bangladesh |
| General subdivision |
History. |
| 650 #0 - SUBJECT ADDED ENTRY--TOPICAL TERM |
| Topical term or geographic name entry element |
Education, Higher |
| Geographic subdivision |
Bangladesh |
| General subdivision |
Finance. |
| 650 #0 - SUBJECT ADDED ENTRY--TOPICAL TERM |
| Topical term or geographic name entry element |
Universities and colleges |
| Geographic subdivision |
Bangladesh. |
| 942 ## - ADDED ENTRY ELEMENTS (KOHA) |
| Source of classification or shelving scheme |
|
| Koha item type |
Book |